| 000 | 00689nam a2200229 u 4500 | ||
|---|---|---|---|
| 005 | 20240503063708.0 | ||
| 008 | 121022s2006 ec r 000 0 spa d | ||
| 020 | _a9978078207 | ||
| 035 | _aUPN01000187806 | ||
| 049 | _aI | ||
| 050 | 4 |
_aPZ74 _bB7.7 2006 |
|
| 100 | 1 |
_aBravo Velásquez, Leonor, _d1953- _933269 |
|
| 245 | 1 | 1 |
_a¿Te gustan los monstruos? / _cLeonor Bravo Velásquez ; il. Roger Ycaza. |
| 250 | _a2a ed. | ||
| 260 |
_aEcuador : _bAlfaguara, _c2006. |
||
| 300 |
_a82 p. : _bil. col. |
||
| 440 | 0 | _aAlfaguara infantil | |
| 650 | 4 |
_aCUENTOS INFANTILES ECUATORIANOS _98911 |
|
| 650 | 4 |
_aMonstruos _vLiteratura infantil _94410 |
|
| 905 | _aInfantil | ||
| 999 |
_c159909 _d159909 |
||